मानव मन की कहानियाँ / (Record no. 117239)

MARC details
000 -LEADER
fixed length control field 01143nam a22002777a 4500
003 - CONTROL NUMBER IDENTIFIER
control field dpl
005 - DATE AND TIME OF LATEST TRANSACTION
control field 20180924145912.0
008 - FIXED-LENGTH DATA ELEMENTS--GENERAL INFORMATION
fixed length control field 180906b xxu||||| |||| 00| 0 eng d
010 ## - LIBRARY OF CONGRESS CONTROL NUMBER
LC control number B-151326
020 ## - INTERNATIONAL STANDARD BOOK NUMBER
Terms of availability 200.00
International Standard Book Number 8186303278
035 ## - SYSTEM CONTROL NUMBER
System control number B-151326, B-151327, B-151330
037 ## - SOURCE OF ACQUISITION
Source of stock number/acquisition Cen Lib/Ret
040 ## - CATALOGING SOURCE
Original cataloging agency DPL
Language of cataloging HN
Transcribing agency 0
082 ## - DEWEY DECIMAL CLASSIFICATION NUMBER
Classification number
Item number त्रिवेदी
100 ## - MAIN ENTRY--PERSONAL NAME
Personal name त्रिवेदी, क्रांति
9 (RLIN) 40
245 ## - TITLE STATEMENT
Title मानव मन की कहानियाँ /
Statement of responsibility, etc क्रांति त्रिवेदी
246 ## - VARYING FORM OF TITLE
Title proper/short title Manav man ki kahniyan /
Remainder of title by Kranti Trivedi
260 ## - PUBLICATION, DISTRIBUTION, ETC. (IMPRINT)
Place of publication, distribution, etc दिल्ली
Name of publisher, distributor, etc विक्रम प्रकाशन
Date of publication, distribution, etc 2005
270 ## - ADDRESS
City दिल्ली
Address ई-11/5, कृष्ण नगर
Postal code 110051
300 ## - PHYSICAL DESCRIPTION
Extent 191पृ.
Dimensions 19सेमी(सजिल्द )
650 ## - SUBJECT ADDED ENTRY--TOPICAL TERM
Topical term or geographic name as entry element हिंदी साहित्य
9 (RLIN) 70916
650 ## - SUBJECT ADDED ENTRY--TOPICAL TERM
Topical term or geographic name as entry element हिंदी साहित्य
General subdivision कहानियां
9 (RLIN) 70917
650 ## - SUBJECT ADDED ENTRY--TOPICAL TERM
Topical term or geographic name as entry element Hindi literature
9 (RLIN) 70918
650 ## - SUBJECT ADDED ENTRY--TOPICAL TERM
Topical term or geographic name as entry element Hindi literature
General subdivision stories
9 (RLIN) 70919
942 ## - ADDED ENTRY ELEMENTS (KOHA)
Source of classification or shelving scheme Dewey Decimal Classification
Koha item type Hindi Books
Classification part
Call number suffix त्रिवेदी
Holdings
Withdrawn status Lost status Damaged status Not for loan Home library Current library Date acquired Source of acquisition Cost, normal purchase price Total Checkouts Full call number Barcode Date last seen Copy number Cost, replacement price Price effective from Koha item type Source of classification or shelving scheme Collection code Shelving location Total Renewals Date checked out
        Central Library Central Library 26/08/2015 Cen Lib/Ref 200.00   क त्रिवेदी B-151326 26/08/2015 1 200.00 26/08/2015 Hindi Books          
        Patel Nagar Patel Nagar 06/09/2018 BPPD/PUB 200.00   क त्रिवेदी B-151327 06/09/2018   200.00 06/09/2018 Hindi Books Dewey Decimal Classification Fiction General Stacks    
        Shahdara Branch Shahdara Branch 24/09/2018 BPPD/PUB 200.00 2 क त्रिवेदी B-151330 14/03/2019   200.00 24/09/2018 Hindi Books Dewey Decimal Classification Fiction   1 11/02/2019

© Delhi Public Library
Hit Counter
free hit counter